| 000 | 00802nab a2200241 u 4500 | ||
|---|---|---|---|
| 001 | 10263 | ||
| 003 | HDC | ||
| 007 | cr bn ---aaaaa | ||
| 008 | 210104c mydr|noo 0 a may d | ||
| 040 | _aHDC | ||
| 100 |
_aHasan Malek _eauthor _910491 |
||
| 245 | 0 |
_aPengeksport Halal Malaysia Mampu Penuhi Keperluan Global / _cby Hasan Malek |
|
| 260 |
_a[No place] : _bBernama, _c[no year] |
||
| 336 |
_atext _2rdacontent |
||
| 337 |
_acomputer _2rdamedia |
||
| 338 |
_aonline resource _2rdacarrier |
||
| 650 |
_aHalal export _96113 |
||
| 650 |
_aHalal product _948 |
||
| 856 | _zRequest full-text at [email protected] | ||
| 942 | _2lcc | ||
| 942 | _cNEWS | ||
| 942 | _kNWSO 000425 | ||
| 999 |
_c7586 _d7586 |
||